000 00658nam a2200253Ia 4500
001 122357
003 212884
005 20260306172031.0
008 ||||||n9999 ||| || ||
082 _a331.12
110 _aSeminario internacional sobre trabajo, crisis global y salud
_9146603
245 0 _aTrabajo, crisis global y salud
_bmemorias
562 _e1
650 0 _aPersonal de salud
_945130
650 0 _aSalud pública
_93982
650 _aTRABAJADORES--MIGRACIONES
_985423
650 0 _aTrabajo y trabajadores
_96288
942 _cBKM
999 _c122357
_d122357
526 _a4969
526 _a51868
526 _a3899
526 _a9683
526 _a1697